Pokemon by first and last letters - gen 4 - Statistics

General Stats
  • This quiz has been taken 25 times
  • The average score is 13 of 20
Answer Stats
First Answer Last % Correct
U Uxie E
100%
K Kricketot T
95%
Y Yanmega A
90%
D Dialga A
80%
E Empoleon N
80%
F Floatzel L
80%
P Purugly Y
75%
A Ambipom M
70%
G Garchomp P
65%
H Honchkrow W
65%
R Rhyperior R
65%
P Porygon-Z Z
60%
S Skorupi I
60%
T Toxicroak K
60%
W Weavile E
60%
C Cranidos S
55%
M Mothim M
55%
F Finneon N
50%
D Dusknoir R
40%
S Shellos S
35%
No matching quizzes found
Score Distribution
Percent of People with Each Score
Percentile by Number Answered
Your Score History
You have not taken this quiz